Owner occupiers' views (Record no. 108905)

MARC details
000 -LEADER
fixed length control field 01237cad a22002535a 4500
001 - CONTROL NUMBER
control field E145764
008 - FIXED-LENGTH DATA ELEMENTS--GENERAL INFORMATION
fixed length control field 081106s2008 xxk f s000 0 eng d
020 ## - INTERNATIONAL STANDARD BOOK NUMBER
International Standard Book Number 9780755972890
035 ## - SYSTEM CONTROL NUMBER
System control number (Sirsi) u145764
041 0# - LANGUAGE CODE
Language code of text/sound track or separate title eng
050 04 - LIBRARY OF CONGRESS CALL NUMBER
Classification number 306.1 $2 18
100 1# - MAIN ENTRY--PERSONAL NAME
Personal name Richards, Francesca
245 00 - TITLE STATEMENT
Title Owner occupiers' views
Remainder of title framework code of management practice for owner occupied sheltered housing
Medium [electronic resource]
260 ## - PUBLICATION, DISTRIBUTION, ETC.
Place of publication, distribution, etc. [Edinburgh]
Name of publisher, distributor, etc. Scottish Executive Social Research
Date of publication, distribution, etc. 2008
505 2# - FORMATTED CONTENTS NOTE
Formatted contents note Glossary -- Executive Summary -- Introduction -- Methodology -- Research findings -- Summary of main issues
520 ## - SUMMARY, ETC.
Summary, etc. Presents the results of research into the views of sheltered housing owners, which was carried out to inform the proposed revision of the Scottish Government's "Framework Code of Management Practice for Owner Occupied Sheltered Housing", which was published in 2000.
521 ## - TARGET AUDIENCE NOTE
Target audience note Advanced
590 ## - LOCAL NOTE (RLIN)
Local note KA
651 #4 - SUBJECT ADDED ENTRY--GEOGRAPHIC NAME
Geographic name Scotland
Chronological subdivision 1999-
690 ## - LOCAL SUBJECT ADDED ENTRY--TOPICAL TERM (OCLC, RLIN)
Topical term or geographic name as entry element PROPERTY-RESIDENTIAL PROPERTY-DOMESTIC RESIDENTIAL PROPERTY-HOUSING
700 1# - ADDED ENTRY--PERSONAL NAME
Personal name Strachan, Valerie
856 40 - ELECTRONIC LOCATION AND ACCESS
Uniform Resource Identifier <a href="https://www.scotland.gov.uk/Publications/2008/10/29110203/9">https://www.scotland.gov.uk/Publications/2008/10/29110203/9</a>
Public note View the report free of charge at www.scotland.gov.uk...
942 ## - ADDED ENTRY ELEMENTS (KOHA)
Suppress in OPAC 0
Holdings
Withdrawn status Lost status Source of classification or shelving scheme Damaged status Not for loan Home library Current library Shelving location Date acquired Total Checkouts Full call number Barcode Date last seen Copy number Price effective from Koha item type
    Dewey Decimal Classification     Virtual Virtual Online 06/11/2008   ONLINE PUBLICATION 145764-2001 06/08/2019 1 06/08/2019 Book